header

Relations and functions within and around language (Record no. 26455)

MARC details
000 -LEADER
fixed length control field 01353nam a2200361Ia 4500
082 04 - DEWEY DECIMAL CLASSIFICATION NUMBER
Classification number 415
245 00 - TITLE STATEMENT
Title Relations and functions within and around language
260 ## - PUBLICATION, DISTRIBUTION, ETC. (IMPRINT)
Place of publication London ;
-- New York :
Name of publisher Continuum,
Year of publication 2002.
300 ## - PHYSICAL DESCRIPTION
Number of Pages viii, 399 p. :
Other physical details ill.
490 1# - SERIES STATEMENT
Series statement Open linguistics series
650 #0 - SUBJECT ADDED ENTRY--TOPICAL TERM
Topical Term Functionalism (Linguistics)
Topical Term Discourse analysis.
700 1# - ADDED ENTRY--PERSONAL NAME
Personal name Fries, Peter Howard.
856 40 - ELECTRONIC LOCATION AND ACCESS
Uniform Resource Identifier http://site.ebrary.com/lib/rucke/Doc?id=10224765

No items available.

© 2026 Rongo University
Contact us: librarian | system librarian | Rongo university